[Event "33. Torneo Internacional La Roda "]
[Site "La Roda ESP"]
[Date "2006.04.13"]
[Round "3.10"]
[White "Mateo, Ramon"]
[Black "Fernandez Gil, Marco Antonio"]
[Result "1-0"]
[WhiteElo "2403"]
[BlackElo "2268"]
[PlyCount "35"]
[EventDate "2006.04.12"]
[EventType "swiss"]
[EventRounds "9"]
[EventCountry "ESP"]
[Source "lmi"]
[SourceDate "2006.04.15"]

1. d4 Nf6 2. Nf3 e6 3. Bg5 c5 4. e3 Qb6 5. Qc1 Nc6 6. c3 cxd4 7. exd4 d6 8.
Nbd2 Bd7 9. Bd3 Rc8 10. Nc4 Qc7 11. O-O Be7 12. Re1 b5 13. Ne3 Na5 14. Bxf6
gxf6 15. d5 f5 16. Nxf5 exf5 17. Qg5 Be6 18. Qg7 1-0

[Event "33. Torneo Internacional La Roda "]
[Site "La Roda ESP"]
[Date "2006.04.13"]
[Round "3.11"]
[White "Huerga Leache, Mikel"]
[Black "Baron Rodriguez, Jesus"]
[Result "1-0"]
[WhiteElo "2266"]
[BlackElo "2402"]
[PlyCount "95"]
[EventDate "2006.04.12"]
[EventType "swiss"]
[EventRounds "9"]
[EventCountry "ESP"]
[Source "lmi"]
[SourceDate "2006.04.15"]

1. e4 e6 2. d4 d5 3. Nc3 Bb4 4. e5 c5 5. Bd2 Ne7 6. Nb5 Bxd2+ 7. Qxd2 O-O 8. f4
a6 9. Nd6 cxd4 10. Nf3 Nbc6 11. Bd3 f6 12. O-O Bd7 13. Rae1 Qc7 14. Qf2 f5 15.
Nxd4 Nxd4 16. Qxd4 Nc8 17. Bxf5 Nxd6 18. exd6 Qxd6 19. Bd3 Rac8 20. c4 Qc5 21.
Qxc5 Rxc5 22. b4 Rcc8 23. cxd5 exd5 24. Re7 Bc6 25. g3 Rfe8 26. Rfe1 Rxe7 27.
Rxe7 Kf8 28. Re5 g6 29. Kf2 Rd8 30. h4 Kf7 31. h5 Rd6 32. g4 gxh5 33. Rxh5 h6
34. g5 hxg5 35. fxg5 Rd8 36. Rh7+ Kg8 37. g6 Re8 38. Rc7 Re6 39. Kf3 Re1 40.
Bxa6 Ra1 41. b5 bxa6 42. bxc6 Rc1 43. Ke3 Rc4 44. a4 a5 45. Kd3 Kf8 46. Rc8+
Kg7 47. c7 Rc1 48. Kd4 1-0

[Event "33. Torneo Internacional La Roda "]
[Site "La Roda ESP"]
[Date "2006.04.13"]
[Round "3.12"]
[White "Fernandez, Victor"]
[Black "Pogorelov, Ruslan"]
[Result "1/2-1/2"]
[WhiteElo "2176"]
[BlackElo "2385"]
[PlyCount "55"]
[EventDate "2006.04.12"]
[EventType "swiss"]
[EventRounds "9"]
[EventCountry "ESP"]
[Source "lmi"]
[SourceDate "2006.04.15"]

1. e4 c5 2. Nf3 e6 3. d4 cxd4 4. Nxd4 Nc6 5. Nc3 Qc7 6. Be3 a6 7. Bd3 Nf6 8.
O-O Bd6 9. h3 Bh2+ 10. Kh1 Bf4 11. Bxf4 Qxf4 12. Nce2 Qc7 13. Nxc6 bxc6 14. c4
c5 15. Qd2 O-O 16. f4 d6 17. Nc3 Bb7 18. Rac1 Rad8 19. Qf2 Nd7 20. Qh4 Rde8 21.
Bc2 Qd8 22. Qg3 Qe7 23. Rf2 Rd8 24. Rd2 Nb8 25. Ba4 Bc6 26. Bc2 Bb7 27. Ba4 Bc6
28. Bc2 1/2-1/2

[Event "33. Torneo Internacional La Roda "]
[Site "La Roda ESP"]
[Date "2006.04.13"]
[Round "3.13"]
[White "Sanchez Raboso, Vicente"]
[Black "Vitor, Antonio"]
[Result "0-1"]
[WhiteElo "2106"]
[BlackElo "2371"]
[PlyCount "86"]
[EventDate "2006.04.12"]
[EventType "swiss"]
[EventRounds "9"]
[EventCountry "ESP"]
[Source "lmi"]
[SourceDate "2006.04.15"]

1. e4 g6 2. d4 Bg7 3. Be3 d6 4. Nf3 Nd7 5. Be2 b6 6. O-O Bb7 7. Nc3 a6 8. a4 e6
9. Re1 Ngf6 10. Nd2 Qe7 11. Bf3 e5 12. Nd5 Nxd5 13. exd5 O-O 14. c4 Rae8 15.
dxe5 Nxe5 16. Be2 Nd7 17. Rb1 a5 18. Nf3 Nc5 19. Bd4 Bc8 20. Bxg7 Kxg7 21. Nd4
Bd7 22. b3 Qf6 23. Rf1 Re4 24. Nc2 h5 25. f3 Re7 26. Nd4 Qf4 27. Rf2 Rfe8 28.
Rb2 h4 29. Qd2 Qf6 30. Rb1 Qe5 31. Rbf1 Qf6 32. Bd1 Bf5 33. Nxf5+ Qxf5 34. Bc2
Qf6 35. g4 hxg3 36. hxg3 Rh8 37. Kg2 Qe5 38. f4 Qh5 39. Qd4+ f6 40. Rg1 Re2 41.
Bd1 Qh3+ 42. Kf3 Re4 43. Qc3 Rxf4+ 0-1

[Event "33. Torneo Internacional La Roda "]
[Site "La Roda ESP"]
[Date "2006.04.13"]
[Round "3.14"]
[White "Velicka, Petr"]
[Black "Krug Cortegoso, Martin"]
[Result "1-0"]
[WhiteElo "2456"]
[BlackElo "2095"]
[PlyCount "77"]
[EventDate "2006.04.12"]
[EventType "swiss"]
[EventRounds "9"]
[EventCountry "ESP"]
[Source "lmi"]
[SourceDate "2006.04.15"]

1. e4 d6 2. d4 Nf6 3. Nc3 g6 4. Bf4 c6 5. Qd2 Bg7 6. Bh6 Bxh6 7. Qxh6 Qa5 8. f3
Be6 9. Nge2 Na6 10. Qd2 O-O-O 11. Nf4 Bd7 12. Bc4 e5 13. Nfe2 Be6 14. Bxe6+
fxe6 15. O-O-O exd4 16. Qxd4 Nh5 17. Qxa7 Qg5+ 18. Kb1 e5 19. Rhg1 Nc5 20. Na4
Nxa4 21. Qxa4 Rhf8 22. Rd3 Nf4 23. Nxf4 Qxf4 24. h3 Qh2 25. Qa7 Kc7 26. Rb3 Rb8
27. Qb6+ Kc8 28. Rd3 Rd8 29. Qf2 Qf4 30. Rgd1 Qf6 31. Qa7 Qe7 32. a4 Kc7 33.
Rb3 Kc8 34. a5 Qc7 35. Rdd3 Rd7 36. Rb6 d5 37. exd5 Rxd5 38. Rxd5 cxd5 39. Rb5
1-0

[Event "33. Torneo Internacional La Roda "]
[Site "La Roda ESP"]
[Date "2006.04.13"]
[Round "3.15"]
[White "Gonzalez Aguirre, Luis"]
[Black "Franco, Zenon"]
[Result "0-1"]
[WhiteElo "2172"]
[BlackElo "2530"]
[PlyCount "84"]
[EventDate "2006.04.12"]
[EventType "swiss"]
[EventRounds "9"]
[EventCountry "ESP"]
[Source "lmi"]
[SourceDate "2006.04.15"]

1. Nf3 c5 2. c4 Nf6 3. Nc3 d5 4. cxd5 Nxd5 5. d4 Nxc3 6. bxc3 g6 7. e3 Bg7 8.
Qb3 O-O 9. Ba3 b6 10. Rd1 Qc7 11. d5 e6 12. c4 exd5 13. cxd5 Bg4 14. Be2 Nd7
15. Bb2 c4 16. Qc2 c3 17. Ba3 Rfc8 18. O-O a6 19. h3 Bxf3 20. d6 Qd8 21. Bxf3
Rab8 22. Rd5 b5 23. Rb1 Nb6 24. Rd3 Nc4 25. Bc1 Ne5 26. Rd5 Qd7 27. Be2 Rc6 28.
Ba3 Nc4 29. Bxc4 Rxc4 30. Rb4 Rbc8 31. Rxc4 Rxc4 32. Rc5 Rxc5 33. Bxc5 Qc6 34.
Bb4 a5 35. Bxa5 Qxd6 36. Qb3 Qc5 37. Qc2 b4 38. Bd8 Qd6 39. Ba5 Qd2 40. Qe4 c2
41. Bxb4 c1=Q+ 42. Kh2 Qc7+ 0-1

[Event "33. Torneo Internacional La Roda "]
[Site "La Roda ESP"]
[Date "2006.04.13"]
[Round "3.16"]
[White "Lazarev, Vladimir"]
[Black "Bermejo Martinez, Jorge"]
[Result "1-0"]
[WhiteElo "2497"]
[BlackElo "2216"]
[PlyCount "55"]
[EventDate "2006.04.12"]
[EventType "swiss"]
[EventRounds "9"]
[EventCountry "ESP"]
[Source "lmi"]
[SourceDate "2006.04.15"]

1. d4 Nf6 2. c4 c5 3. d5 b5 4. cxb5 a6 5. bxa6 g6 6. Nc3 Bxa6 7. g3 Bg7 8. Bg2
d6 9. Nf3 O-O 10. O-O Nbd7 11. Rb1 Qa5 12. Bd2 Rfb8 13. a4 Qc7 14. b3 Rb6 15.
Na2 Rb7 16. Bc3 Rab8 17. Nd2 Nb6 18. b4 cxb4 19. Bxf6 Bxf6 20. Nxb4 Ra8 21. Rc1
Qd7 22. Rc6 Qg4 23. Nxa6 Rxa6 24. Ne4 Bg7 25. a5 f5 26. Bf3 Qh3 27. Ng5 Qh6 28.
Ne6 1-0

[Event "33. Torneo Internacional La Roda "]
[Site "La Roda ESP"]
[Date "2006.04.13"]
[Round "3.17"]
[White "Campos, Luis Maria"]
[Black "Picazo Lopez, Juan Antonio"]
[Result "1/2-1/2"]
[WhiteElo "2420"]
[BlackElo "2154"]
[PlyCount "39"]
[EventDate "2006.04.12"]
[EventType "swiss"]
[EventRounds "9"]
[EventCountry "ESP"]
[Source "lmi"]
[SourceDate "2006.04.15"]

1. b3 d5 2. Bb2 c5 3. e3 Nc6 4. Nf3 e6 5. d4 Nf6 6. Bd3 Bd6 7. O-O O-O 8. c4
cxd4 9. exd4 b6 10. Ne5 Bb7 11. cxd5 exd5 12. Nd2 Ne7 13. Qf3 Rc8 14. a3 Ng6
15. g3 Rc7 16. Ng4 Nxg4 17. Qxg4 Ne7 18. Qh4 g6 19. Rfc1 Bc8 20. Bf1 1/2-1/2

[Event "33. Torneo Internacional La Roda "]
[Site "La Roda ESP"]
[Date "2006.04.13"]
[Round "3.18"]
[White "Salvador Lopez, Daniel"]
[Black "Marholev, Dimitar"]
[Result "0-1"]
[WhiteElo "2153"]
[BlackElo "2419"]
[PlyCount "109"]
[EventDate "2006.04.12"]
[EventType "swiss"]
[EventRounds "9"]
[EventCountry "ESP"]
[Source "lmi"]
[SourceDate "2006.04.15"]

1. d4 Nf6 2. Nf3 g6 3. c4 Bg7 4. Nc3 O-O 5. Bg5 c5 6. d5 d6 7. e4 h6 8. Bf4 Bg4
9. Be2 Nh5 10. Be3 e5 11. Qd2 Kh7 12. h3 Bxf3 13. Bxf3 Nf6 14. g4 a6 15. h4 Ng8
16. g5 h5 17. Qe2 Ne7 18. Bxh5 gxh5 19. Qxh5+ Kg8 20. Ne2 Nd7 21. Ng3 f5 22.
exf5 Rxf5 23. Nxf5 Nxf5 24. Qg4 Nxe3 25. fxe3 e4 26. Qe6+ Kh8 27. Qxe4 Qe8 28.
Qxe8+ Rxe8 29. O-O-O b5 30. cxb5 axb5 31. h5 c4 32. h6 Be5 33. Rd2 Kh7 34. Rg2
Nf8 35. Rg4 Ra8 36. Rf1 Kg6 37. a4 Nh7 38. Rf7 Kxf7 39. g6+ Kg8 40. gxh7+ Kxh7
41. axb5 Ra1+ 42. Kc2 Ra2 43. Rxc4 Rxb2+ 44. Kd3 Rxb5 45. Ke4 Kxh6 46. Ra4 Kh5
47. Rc4 Bb2 48. Ra4 Rb3 49. Ra6 Ba3 50. Ra8 Bc5 51. Rg8 Kh4 52. Rc8 Ba3 53. Kf5
Bc5 54. Ke6 Rxe3+ 55. Kd7 0-1

[Event "33. Torneo Internacional La Roda "]
[Site "La Roda ESP"]
[Date "2006.04.13"]
[Round "3.19"]
[White "Pomes Marcet, Juan"]
[Black "Vaya Gomez, Alejandro"]
[Result "1-0"]
[WhiteElo "2396"]
[BlackElo "2167"]
[PlyCount "77"]
[EventDate "2006.04.12"]
[EventType "swiss"]
[EventRounds "9"]
[EventCountry "ESP"]
[Source "lmi"]
[SourceDate "2006.04.15"]

1. d4 g6 2. c4 Bg7 3. Nf3 d6 4. g3 Nd7 5. Bg2 Ngf6 6. Nc3 c6 7. O-O O-O 8. e4
e5 9. h3 Qc7 10. Be3 Re8 11. Qc2 Nf8 12. Rad1 Ne6 13. Rfe1 exd4 14. Nxd4 Nxd4
15. Bxd4 Be6 16. Ne2 Rad8 17. b3 Nd7 18. Bxg7 Kxg7 19. Nd4 f6 20. f4 Bf7 21.
Kh2 h5 22. Nf3 Re7 23. Nh4 Rde8 24. Bf3 Nc5 25. b4 Ne6 26. Bxh5 gxh5 27. Nf5+
Kf8 28. Nxd6 Rd8 29. c5 b6 30. e5 fxe5 31. fxe5 Kg8 32. Qf5 Ng7 33. Qg5 Bd5 34.
Nf5 Red7 35. e6 Bxe6 36. Nxg7 Rd5 37. Nf5+ Kh8 38. Qf6+ Kh7 39. Qh6+ 1-0

[Event "33. Torneo Internacional La Roda "]
[Site "La Roda ESP"]
[Date "2006.04.13"]
[Round "3.20"]
[White "Tudela Corbalan, Carlos"]
[Black "Lopez Quevedo, Angel Carlos"]
[Result "1/2-1/2"]
[WhiteElo "2231"]
[BlackElo "2042"]
[PlyCount "95"]
[EventDate "2006.04.12"]
[EventType "swiss"]
[EventRounds "9"]
[EventCountry "ESP"]
[Source "lmi"]
[SourceDate "2006.04.15"]

1. e4 c5 2. Nf3 e6 3. d4 cxd4 4. Nxd4 Nf6 5. Nc3 Nc6 6. g3 d5 7. Bg5 Be7 8.
exd5 Nxd5 9. Bxe7 Ndxe7 10. Nxc6 Qxd1+ 11. Rxd1 Nxc6 12. Bg2 O-O 13. O-O e5 14.
Rfe1 Bg4 15. Rd6 Rfd8 16. Rxd8+ Rxd8 17. Bxc6 bxc6 18. Rxe5 f6 19. Re4 Bf5 20.
Re2 Bg4 21. Re4 Bf5 22. Rc4 Rd2 23. Rxc6 Rxc2 24. Nd5 Re2 25. Kf1 Bd3 26. Rc3
Re3+ 27. Kg2 Be4+ 28. Kh3 Bf5+ 29. Kg2 Be4+ 30. f3 Bxf3+ 31. Kf2 Rxc3 32. Nxc3
Bc6 33. Ke3 Kf7 34. Kd4 Ke6 35. Kc5 Bd7 36. b4 g5 37. a4 Ke5 38. b5 f5 39. a5
f4 40. gxf4+ gxf4 41. Nd1 Ke4 42. b6 axb6+ 43. axb6 Bc8 44. Kc6 h5 45. Kc7 Ba6
46. b7 Bxb7 47. Kxb7 h4 48. Kc6 1/2-1/2

[Event "33. Torneo Internacional La Roda "]
[Site "La Roda ESP"]
[Date "2006.04.14"]
[Round "4.1"]
[White "Mirzoev, Azer"]
[Black "Mateo, Ramon"]
[Result "1-0"]
[WhiteElo "2532"]
[BlackElo "2403"]
[PlyCount "91"]
[EventDate "2006.04.12"]
[EventType "swiss"]
[EventRounds "9"]
[EventCountry "ESP"]
[Source "lmi"]
[SourceDate "2006.04.15"]

1. d4 Nf6 2. Nf3 e6 3. c4 b6 4. a3 Bb7 5. Nc3 d5 6. Qa4+ c6 7. cxd5 exd5 8. Bg5
Be7 9. e3 O-O 10. Bd3 Nbd7 11. O-O Ne4 12. Bxe4 Bxg5 13. Nxg5 Qxg5 14. Bf3 Nf6
15. Rac1 Rfe8 16. Qc2 Re6 17. Ne2 Rae8 18. Nf4 R6e7 19. Rfd1 Qh6 20. h3 Nd7 21.
Nd3 Qd6 22. b4 Nb8 23. a4 Ba6 24. Qb2 Bc4 25. b5 cxb5 26. axb5 a6 27. bxa6 Nxa6
28. Ra1 b5 29. Ra5 Rb8 30. Rda1 Bxd3 31. Rxa6 Qd8 32. Qb4 Bc4 33. g3 Re6 34.
Rxe6 fxe6 35. Bg4 Qf6 36. Ra6 Re8 37. Rb6 Bd3 38. Qd6 Kf7 39. Rb7+ Kg6 40. h4
Rd8 41. Qxe6 Ra8 42. Qxf6+ gxf6 43. Bf3 Ra1+ 44. Kg2 Bf1+ 45. Kh2 Ra2 46. Bxd5
1-0

[Event "33. Torneo Internacional La Roda "]
[Site "La Roda ESP"]
[Date "2006.04.14"]
[Round "4.2"]
[White "Vitor, Antonio"]
[Black "Krivoshey, Sergei"]
[Result "1/2-1/2"]
[WhiteElo "2371"]
[BlackElo "2531"]
[PlyCount "95"]
[EventDate "2006.04.12"]
[EventType "swiss"]
[EventRounds "9"]
[EventCountry "ESP"]
[Source "lmi"]
[SourceDate "2006.04.15"]

1. b3 d5 2. e3 Nf6 3. Bb2 c6 4. Nf3 Bg4 5. Be2 Nbd7 6. Ne5 Bxe2 7. Qxe2 Nxe5 8.
Bxe5 e6 9. O-O Bd6 10. Bxd6 Qxd6 11. d4 O-O 12. Nd2 c5 13. Qb5 cxd4 14. exd4
Rfc8 15. Qd3 Rc7 16. Rfd1 Rac8 17. c4 dxc4 18. bxc4 Rd8 19. Nf3 Qc6 20. Rdc1
Rdc8 21. Nd2 h6 22. Rcb1 Qd6 23. Rd1 Rd8 24. Nf3 Qa6 25. Rdc1 Rdc8 26. Nd2 Nd5
27. Qf1 Ne7 28. c5 Qc6 29. Rc4 Rd8 30. Nf3 Qd5 31. a4 Nc6 32. a5 a6 33. h3 Rcd7
34. Rca4 Qf5 35. Qb1 Nxd4 36. Nxd4 Rxd4 37. Rxd4 Rxd4 38. Qxb7 Qxc5 39. Qxa6
Rd2 40. Qf1 Qd4 41. a6 Rxf2 42. Qxf2 Qxa1+ 43. Qf1 Qd4+ 44. Kh1 h5 45. Qg1 Qa4
46. a7 h4 47. Qb6 Qa1+ 48. Kh2 1/2-1/2

[Event "33. Torneo Internacional La Roda "]
[Site "La Roda ESP"]
[Date "2006.04.14"]
[Round "4.3"]
[White "Cicak, Slavko"]
[Black "Hernandez, Ivan"]
[Result "1-0"]
[WhiteElo "2506"]
[BlackElo "2291"]
[PlyCount "65"]
[EventDate "2006.04.12"]
[EventType "swiss"]
[EventRounds "9"]
[EventCountry "ESP"]
[Source "lmi"]
[SourceDate "2006.04.15"]

1. e4 c5 2. Nf3 Nc6 3. Bb5 g6 4. c3 Bg7 5. d4 cxd4 6. cxd4 Nf6 7. Nc3 d5 8. Ne5
Bd7 9. Nxd7 Qxd7 10. e5 Ne4 11. Ne2 f6 12. f3 Ng5 13. Bxg5 fxg5 14. Qd2 Rc8 15.
Qxg5 e6 16. Qd2 O-O 17. Rc1 a6 18. Ba4 b5 19. Bc2 Qa7 20. h4 Nxd4 21. Nxd4 Bxe5
22. Ne2 Bxb2 23. Rb1 Bg7 24. h5 Qc5 25. Bb3 Rfd8 26. hxg6 hxg6 27. Qg5 Kf7 28.
Qf4+ Kg8 29. Rd1 a5 30. Qg5 a4 31. Qxg6 axb3 32. Qxe6+ Kf8 33. Rh4 1-0

[Event "33. Torneo Internacional La Roda "]
[Site "La Roda ESP"]
[Date "2006.04.14"]
[Round "4.4"]
[White "Castellanos, Renier"]
[Black "Huerga Leache, Mikel"]
[Result "1-0"]
[WhiteElo "2467"]
[BlackElo "2266"]
[PlyCount "83"]
[EventDate "2006.04.12"]
[EventType "swiss"]
[EventRounds "9"]
[EventCountry "ESP"]
[Source "lmi"]
[SourceDate "2006.04.15"]

1. e4 e6 2. d4 d5 3. Nc3 Bb4 4. e5 c5 5. a3 Ba5 6. Bd2 cxd4 7. Nb5 Bc7 8. f4
Ne7 9. Bd3 Bd7 10. Nxc7+ Qxc7 11. Nf3 Nbc6 12. O-O f6 13. Qe1 O-O 14. b4 a6 15.
a4 a5 16. b5 Nd8 17. exf6 gxf6 18. Nxd4 Rf7 19. Kh1 Rg7 20. Nb3 b6 21. Bc3 Rf7
22. Bd4 Nf5 23. Rc1 Nxd4 24. Nxd4 Qd6 25. c4 dxc4 26. Rxc4 Rc8 27. Qc3 Rxc4 28.
Bxc4 f5 29. Nf3 Rg7 30. Ne5 Bc8 31. Be2 Bb7 32. Bf3 Qc7 33. Rd1 Bd5 34. Qd4 Kh8
35. Bxd5 exd5 36. Qxd5 Nb7 37. Qe6 Qc2 38. Rg1 Nc5 39. Nf7+ Rxf7 40. Qxf7 h6
41. Re1 Ne4 42. Qf8+ 1-0

[Event "33. Torneo Internacional La Roda "]
[Site "La Roda ESP"]
[Date "2006.04.14"]
[Round "4.5"]
[White "Franco, Zenon"]
[Black "Pomes Marcet, Juan"]
[Result "1/2-1/2"]
[WhiteElo "2530"]
[BlackElo "2396"]
[PlyCount "40"]
[EventDate "2006.04.12"]
[EventType "swiss"]
[EventRounds "9"]
[EventCountry "ESP"]
[Source "lmi"]
[SourceDate "2006.04.15"]

1. d4 d5 2. c4 c6 3. cxd5 cxd5 4. Nf3 Nf6 5. Nc3 Nc6 6. Bf4 e6 7. e3 Bd6 8.
Bxd6 Qxd6 9. Be2 O-O 10. O-O Bd7 11. Rc1 Rfc8 12. Bb5 a6 13. Bxc6 Bxc6 14. Ne5
Nd7 15. Nxc6 Rxc6 16. Ne2 Rac8 17. Qd2 Rxc1 18. Rxc1 Rc6 19. Rxc6 Qxc6 20. Qc1
Qxc1+ 1/2-1/2

[Event "33. Torneo Internacional La Roda "]
[Site "La Roda ESP"]
[Date "2006.04.14"]
[Round "4.6"]
[White "Marholev, Dimitar"]
[Black "Suba, Mihai"]
[Result "1/2-1/2"]
[WhiteElo "2419"]
[BlackElo "2527"]
[PlyCount "104"]
[EventDate "2006.04.12"]
[EventType "swiss"]
[EventRounds "9"]
[EventCountry "ESP"]
[Source "lmi"]
[SourceDate "2006.04.15"]

1. c4 Nf6 2. Nc3 c5 3. g3 e6 4. Nf3 b6 5. Bg2 Bb7 6. O-O d6 7. b3 a6 8. Bb2 Be7
9. d4 cxd4 10. Qxd4 Nbd7 11. Rfd1 O-O 12. Ng5 Bxg2 13. Kxg2 Qc7 14. Nge4 Rfd8
15. Kg1 Ne8 16. Rac1 Qb7 17. Ba3 Nf8 18. Bb4 Rd7 19. Na4 Rb8 20. Qe3 f5 21. Ng5
Bf6 22. h4 h6 23. Nh3 e5 24. Nc3 Ne6 25. Nd5 Nd4 26. Bc3 Nc6 27. Qf3 Rf7 28.
Qxf5 Bxh4 29. Qe6 Be7 30. Rd3 Bf8 31. f4 Nc7 32. Nxc7 Qxc7 33. Nf2 exf4 34.
gxf4 d5 35. Bd2 d4 36. Rg3 Kh8 37. Nd3 Re7 38. Qg4 Rbe8 39. Rg2 Re4 40. Re1 a5
41. Qg6 R4e6 42. Qh5 Qd7 43. f5 Rf6 44. Rf1 Qf7 45. Qh3 Qd7 46. Qg4 Rf7 47. Qh5
Ne5 48. f6 g6 49. Qh4 Kh7 50. Nf4 d3 51. exd3 Qd4+ 52. Kh1 Nxd3 1/2-1/2

[Event "33. Torneo Internacional La Roda "]
[Site "La Roda ESP"]
[Date "2006.04.14"]
[Round "4.7"]
[White "Pogorelov, Ruslan"]
[Black "Lazarev, Vladimir"]
[Result "0-1"]
[WhiteElo "2385"]
[BlackElo "2497"]
[PlyCount "104"]
[EventDate "2006.04.12"]
[EventType "swiss"]
[EventRounds "9"]
[EventCountry "ESP"]
[Source "lmi"]
[SourceDate "2006.04.15"]

1. c4 Nf6 2. Nf3 e6 3. Nc3 c5 4. g3 b6 5. Bg2 Bb7 6. O-O Be7 7. Re1 Ne4 8. d4
Nxc3 9. bxc3 Be4 10. Bf1 O-O 11. Nd2 Bb7 12. e4 d6 13. d5 Bf6 14. Qc2 Re8 15.
Bb2 Nd7 16. f4 Qc7 17. Nf3 exd5 18. cxd5 c4 19. Rad1 b5 20. Nd4 a6 21. Ba3 Nc5
22. Bxc5 Qxc5 23. Qf2 g6 24. Bg2 a5 25. a4 bxa4 26. Rb1 Rab8 27. Nb5 Qxf2+ 28.
Kxf2 Red8 29. e5 dxe5 30. fxe5 Bg5 31. Red1 Bc8 32. Nd6 Ba6 33. Ne4 Bh6 34. Nc5
Rxb1 35. Rxb1 Bc8 36. Nxa4 Bd7 37. Nc5 Bf5 38. Be4 Bd2 39. Bxf5 Bxc3 40. Nb7
Rxd5 41. Be4 Rxe5 42. Bc6 Bd4+ 43. Kf3 c3 44. Ba4 Re3+ 45. Kf4 Re2 46. Rd1 Bf6
47. h4 Rb2 48. Bc6 Rb4+ 49. Kf3 Be7 50. Be8 Bc5 51. Rd7 c2 52. Bxf7+ Kf8 0-1

[Event "33. Torneo Internacional La Roda "]
[Site "La Roda ESP"]
[Date "2006.04.14"]
[Round "4.8"]
[White "Ibañez Aullana, Jose Ramon"]
[Black "Velicka, Petr"]
[Result "0-1"]
[WhiteElo "2335"]
[BlackElo "2456"]
[PlyCount "95"]
[EventDate "2006.04.12"]
[EventType "swiss"]
[EventRounds "9"]
[EventCountry "ESP"]
[Source "lmi"]
[SourceDate "2006.04.15"]

1. e4 c6 2. d4 d5 3. e5 Bf5 4. Nf3 e6 5. Nc3 c5 6. Bb5+ Nd7 7. dxc5 Bxc5 8. Nd4
Bxd4 9. Qxd4 Bxc2 10. Bd2 Ne7 11. Rc1 Bg6 12. Qa4 Nc6 13. Bxc6 bxc6 14. Qxc6
O-O 15. Qd6 Rb8 16. Na4 Bd3 17. h4 Bb5 18. Nc5 Rb6 19. Ba5 Rxd6 20. Bxd8 Rc6
21. Be7 Rfc8 22. b4 Nxe5 23. Rh3 Nd3+ 24. Nxd3 Rxc1+ 25. Nxc1 Rxc1+ 26. Kd2 Ra1
27. Ra3 a6 28. Kc3 Bc4 29. Kb2 Re1 30. Bc5 Re2+ 31. Kb1 e5 32. Re3 Bxa2+ 33.
Kc1 Rxe3 34. fxe3 f6 35. Kd2 Kf7 36. h5 Bb1 37. Ke2 Bc2 38. Bd6 Ba4 39. Bc5 Be8
40. g4 Bd7 41. Kf3 Ba4 42. Kg3 Bd1 43. Kh4 h6 44. Bb6 g5+ 45. hxg6+ Kxg6 46.
Bc5 f5 47. Bd6 Kf6 48. gxf5 0-1

[Event "33. Torneo Internacional La Roda "]
[Site "La Roda ESP"]
[Date "2006.04.14"]
[Round "4.9"]
[White "Garcia Castro, Pablo"]
[Black "Saldaño, Horacio"]
[Result "1/2-1/2"]
[WhiteElo "2309"]
[BlackElo "2440"]
[PlyCount "44"]
[EventDate "2006.04.12"]
[EventType "swiss"]
[EventRounds "9"]
[EventCountry "ESP"]
[Source "lmi"]
[SourceDate "2006.04.15"]

1. e4 e5 2. d4 Nc6 3. Nf3 exd4 4. Bc4 Nf6 5. e5 Ne4 6. Bd5 Nc5 7. O-O Be7 8.
Re1 O-O 9. Nxd4 Nxd4 10. Qxd4 c6 11. Bc4 d5 12. exd6 Qxd6 13. Be3 Bf5 14. Qxd6
Bxd6 15. Nc3 Rfe8 16. Rad1 Bf8 17. Rd2 b5 18. Bf1 a5 19. h3 b4 20. Ne2 Ne4 21.
Rdd1 Nf6 22. c4 bxc3 1/2-1/2

[Event "33. Torneo Internacional La Roda "]
[Site "La Roda ESP"]
[Date "2006.04.14"]
[Round "4.10"]
[White "Minzer, Claudio Javier"]
[Black "Fernandez, Victor"]
[Result "1/2-1/2"]
[WhiteElo "2432"]
[BlackElo "2176"]
[PlyCount "113"]
[EventDate "2006.04.12"]
[EventType "swiss"]
[EventRounds "9"]
[EventCountry "ESP"]
[Source "lmi"]
[SourceDate "2006.04.15"]

1. d4 Nf6 2. c4 g6 3. Nc3 d5 4. Nf3 Bg7 5. Bg5 Ne4 6. cxd5 Nxg5 7. Nxg5 c6 8.
dxc6 Nxc6 9. e3 e5 10. d5 Qxg5 11. dxc6 O-O 12. h4 Qd8 13. Qxd8 Rxd8 14. h5
bxc6 15. hxg6 hxg6 16. Rh4 Be6 17. Rc1 a5 18. Ra4 Rdb8 19. b3 Bf8 20. Bc4 Bf5
21. g4 Bd7 22. Rd1 Rd8 23. Ne4 Kg7 24. g5 Bb4+ 25. Ke2 Bg4+ 26. f3 Bxf3+ 27.
Kxf3 Rxd1 28. a3 Be7 29. b4 Ra1 30. bxa5 Rxa3 31. Rxa3 Bxa3 32. a6 Be7 33. Kg4
Ra7 34. Nd2 Bc5 35. Kf3 Kf8 36. Nb3 Bb6 37. Ke4 Ke8 38. Kxe5 Re7+ 39. Kd6 Bxe3
40. Kxc6 Bxg5 41. Nd4 Be3 42. Nb5 Bf2 43. Nd6+ Kf8 44. Nc8 Re1 45. a7 Bxa7 46.
Nxa7 g5 47. Bd5 g4 48. Nb5 g3 49. Nd4 Rd1 50. Ne2 Rd3 51. Kc5 f5 52. Nf4 Rd2
53. Kd6 Kg7 54. Nh5+ Kh6 55. Nxg3 Kg5 56. Ke5 Kg4 57. Nxf5 1/2-1/2

[Event "33. Torneo Internacional La Roda "]
[Site "La Roda ESP"]
[Date "2006.04.14"]
[Round "4.11"]
[White "Longa, Javier"]
[Black "Bertona, Fernando"]
[Result "0-1"]
[WhiteElo "2327"]
[BlackElo "2432"]
[PlyCount "88"]
[EventDate "2006.04.12"]
[EventType "swiss"]
[EventRounds "9"]
[EventCountry "ESP"]
[Source "lmi"]
[SourceDate "2006.04.15"]

1. d4 d5 2. Nf3 Nf6 3. c4 e6 4. Bg5 Nbd7 5. Nc3 Be7 6. e3 O-O 7. Qc2 c6 8. Be2
b6 9. O-O Bb7 10. Rfd1 Rc8 11. Rac1 c5 12. cxd5 Nxd5 13. Bxe7 Qxe7 14. Nxd5
Bxd5 15. e4 Bb7 16. d5 exd5 17. exd5 Qd6 18. Nh4 g6 19. Qd2 Nf6 20. Bf3 Rcd8
21. Rc3 Rfe8 22. g4 Ne4 23. Qh6 Nxc3 24. bxc3 Ba6 25. Ng2 Qf6 26. Nf4 Qxc3 27.
Kg2 Bb7 28. g5 Re5 29. Qh4 Re1 30. Rxe1 Qxe1 31. Nd3 Qe7 32. Nf4 c4 33. Ne2
Bxd5 34. Bxd5 Rxd5 35. Qxc4 Rxg5+ 36. Ng3 h5 37. h4 Rg4 38. Qc8+ Qf8 39. Qc6
Rxh4 40. Ne4 Qe7 41. Nf6+ Kg7 42. Ne8+ Kh6 43. Nf6 Qe6 44. Qc3 Rf4 0-1

[Event "33. Torneo Internacional La Roda "]
[Site "La Roda ESP"]
[Date "2006.04.14"]
[Round "4.12"]
[White "Bellon Lopez, Juan Manuel"]
[Black "Almagro Mazariegos, Sebastian"]
[Result "1-0"]
[WhiteElo "2440"]
[BlackElo "2311"]
[PlyCount "63"]
[EventDate "2006.04.12"]
[EventType "swiss"]
[EventRounds "9"]
[EventCountry "ESP"]
[Source "lmi"]
[SourceDate "2006.04.15"]

1. d4 d5 2. Nf3 c6 3. c4 Nf6 4. Nc3 e6 5. Bg5 h6 6. Bh4 dxc4 7. e4 g5 8. Bg3 b5
9. Ne5 Bb7 10. h4 g4 11. Nxg4 Nxg4 12. Qxg4 Qxd4 13. Rd1 Qg7 14. Qf4 Na6 15.
Be2 Nc5 16. O-O Rc8 17. e5 Be7 18. Qe3 Rd8 19. Rxd8+ Kxd8 20. b4 cxb3 21. axb3
a5 22. Rc1 Qf8 23. Bf3 Kc8 24. Ne2 Rg8 25. Bf4 Rh8 26. Nd4 Kc7 27. Qd2 b4 28.
Be3 Qd8 29. Qa2 Kb6 30. Ne2 Ba6 31. Qc2 Bxe2 32. Bxc5+ 1-0